| 000 | 01075nas a2200349 4500 | ||
|---|---|---|---|
| 001 | BR2012001392 | ||
| 003 | BR-BrBNA | ||
| 005 | 20231205120216.0 | ||
| 007 | ta | ||
| 008 | 230509b bl.|||p| |||| 00| 00por d | ||
| 040 |
_aBR-BrBNA _bpor _cBiblioteca Nacional de Agricultura |
||
| 041 | _a(Pt) | ||
| 072 | _aF08 | ||
| 100 | 1 | _aCrusciol, C.A.C. | |
| 100 | 1 | _aMateus, G.P. | |
| 100 | 1 | _aPariz, C.M. | |
| 100 | 1 | _aBorghi, E. | |
| 100 | 1 | _aCosta, C. | |
| 100 | 1 | _aSilveira, J.P.F. da | |
| 245 | 1 | _aNutrição e produtividade de híbridos de sorgo granífero de ciclos contrastantes consorciados com capim-marandu | |
| 650 | _aSORGO GRANÍFERO | ||
| 650 | _aSORGHUM BICOLOR | ||
| 650 | _aHÍBRIDO | ||
| 650 | _aCAPIM BRACHIARIA | ||
| 650 | _aCONSORCIAÇÃO DE CULTURA | ||
| 650 | _aPLANTIO DIRETO | ||
| 650 | _aPRODUTIVIDADE | ||
| 650 | _aNUTRIENTE MINERAL | ||
| 773 | 0 |
_tPesquisa Agropecuária Brasileira (Brasil) _xISSN 0100-204X _g(Oct 2011), v. 46(10) p. 1234-1240 _wBR2012001392 |
|
| 909 |
_a202311 _bLúcia _c55 _dLúcia Elande |
||
| 942 |
_2AGRIS _n0 _cANA |
||
| 999 |
_c217455 _d217455 |
||